000 00629nam a2200217Ia 4500
005 20241129104326.0
008 241129s9999||||xx |||||||||||||| ||und||
020 _a9788126578061
037 _aTextual
040 _aRTL
_beng
_cRTL
041 _aeng
_2eng
084 _aX:9-8 Q9
_qRTL
100 _aRaman Preet
_9725768
245 0 _aFuture of human resource management: Case studies with strategic approach
_cRaman Preet
260 _aNew Delhi
_bWiley
_c2019
300 _axviii,153p.
365 _aINR
_b489
650 _aHuman Resource Management
942 _cTB
_hX:9-8 Q9
999 _c1225401
_d1225401